Income Tax (Record no. 318783)

MARC details
000 -LEADER
fixed length control field 00376nam a2200145Ia 4500
008 - FIXED-LENGTH DATA ELEMENTS--GENERAL INFORMATION
fixed length control field 230718s9999 xx 000 0 und d
041 ## - LANGUAGE CODE
Language code of text/sound track or separate title eng
082 ## - DEWEY DECIMAL CLASSIFICATION NUMBER
Classification number 336.24
Item number MEH
100 ## - MAIN ENTRY--PERSONAL NAME
Personal name Mehta N.V.
245 ## - TITLE STATEMENT
Title Income Tax
Remainder of title Ready Reckoner Assessmentyear 2008-09
260 ## - PUBLICATION, DISTRIBUTION, ETC. (IMPRINT)
Name of publisher, distributor, etc. Shri Kuber
365 ## - TRADE PRICE
Currency code Rs.
Price amount 450.00
700 ## - ADDED ENTRY--PERSONAL NAME
Personal name Mehta N.V.
906 ## - LOCAL DATA ELEMENT F, LDF (RLIN)
d B:471107-Jun-2008
c OTH
b 45
Holdings
Withdrawn status Lost status Damaged status Not for loan Home library Current library Date acquired Vendor Budget Code Cost, normal purchase price Bill number Total Checkouts Full call number Barcode Date last seen Discount Cost, replacement price Bill Date Koha item type Original Barcode
        Cummins College of Engineering for Women Pune Cummins College of Engineering for Women Pune 24/06/2008 Tbs OTH 405.00 4711   336.24 CCEP-BK-29990 18/07/2023 45 450.00 07/06/2008 Books 029990